000 00628nam a22001817a 4500
005 20250404102915.0
008 250404b |||||||| |||| 00| 0 eng d
020 _a9788184731002
041 _aeng
082 _a346.048 COT
100 _aCottier, Thomas
245 _aConcise: International And European IP Law TRIPS Paris Convention European Enforcement And Transfer Of Technology
260 _aNew Delhi
_bKulwer Academic Publisher
_c2008
300 _a579;. pages: 18 cm
650 _aIntellectual Property-European Union Countries; Intellectual Property (International law)
700 _aVeron, Pierre
942 _cBK
999 _c43545
_d43545